Italianos en el Camino de Santiago / (Record no. 107651)

MARC details
000 -LEADER
campo de control de longitud fija 00624nam a2200193 i 4500
001 - NÚMERO DE CONTROL
campo de control 107651
003 - IDENTIFICADOR DE NÚMERO DE CONTROL
campo de control ES-MaACL
005 - FECHA Y HORA DE LA ÚLTIMA TRANSACCIÓN
campo de control 20230906184450.0
007 - CAMPO FIJO DE DESCRIPCIÓN FÍSICA--INFORMACIÓN GENERAL
campo de control de longitud fija t|
008 - DATOS DE LONGITUD FIJA--INFORMACIÓN GENERAL
campo de control de longitud fija 061121s1972 sp ||||1| spa d
100 1# - ENTRADA PRINCIPAL--NOMBRE DE PERSONA
Nombre de persona Morenés y Areces, Luis.
9 (RLIN) 83261
245 10 - MENCIÓN DEL TÍTULO
Título Italianos en el Camino de Santiago /
Mención de responsabilidad, etc. Luis Morenés y Areces.
260 ## - PUBLICACIÓN, DISTRIBUCIÓN, ETC.
Lugar de publicación, distribución, etc. Madrid :
Nombre del editor, distribuidor, etc. [s.n.],
Fecha de publicación, distribución, etc. 1972.
300 ## - DESCRIPCIÓN FÍSICA
Extensión P. 95-104 ;
Dimensiones 24 cm.
595 ## -
-- Publicado en: Estudios Turísticos, n. 34, p. 95-104.
650 #4 - PUNTO DE ACCESO ADICIONAL DE MATERIA--TÉRMINO DE MATERIA
Término de materia o nombre geográfico como elemento de entrada Peregrinaciones cristianas-
Subdivisión geográfica Santiago de Compostela.
9 (RLIN) 15937
651 #4 - PUNTO DE ACCESO ADICIONAL DE MATERIA--NOMBRE GEOGRÁFICO
Nombre geográfico Camino de Santiago.
9 (RLIN) 7929
852 ## - LOCALIZACIÓN
Ubicación ES-MaACL
Número de control de estantería 2083-F-3
Holdings
Estatus retirado Estado de pérdida Estado de daño No para préstamo Colección Biblioteca de origen Biblioteca actual Ubicación en estantería Fecha de adquisición Fuente de adquisición Total de préstamos Signatura topográfica completa Código de barras Visto por última vez Precio de reemplazo Tipo de ítem Koha
        Colección de folletos Biblioteca del Ateneo de Madrid Biblioteca del Ateneo de Madrid Depósito folletos 17/01/2008     2083-F-3 1112348 23/02/2023 23/02/2023 Folleto